LEADER 01151nam a2200253 u 4500 001 000000004649 003 CaOOAMICUS 005 20070226104656.0 008 940514s1950 fr u000 u fre u 035 $a10123541 040 $aPUL(R)$bita 100 1 $aOrgeval, Bernard d'.$0(OLS)http://pul/name/4815 245 12$aL'Empereur Hadrien, {oelig}uvre législative et administrative /$cpar Bernard d'Orgeval ; préf. de F. Dumont. 260 $aParis :$bDomat Montchrestien,$c1950. 300 $a434 p. ;$c25 cm 504 $aBibliography: p. [9]-13. 600 04$aHadrianus, Publius Aelius,$cimperatore romano,$d76-138.$0(OLS)http://pul/subject/4000 650 0$aRoman law$xHistory.$0(OLS)http://pul/subject/1407 700 12$aDumont, François.$0(OLS)http://pul/name/4816 850 $aPUL 852 $aPUL$W1$xDP2 Diritto e Scienze Sociali 1$y65$m184 H 26$j6514$nBK-PRI$qStampati$B6514$CPULBib$Z2$F6514 $H52354 $82 941 1 $a8 996 $6245$aL'Empereur Hadrien, {oelig}uvre législative et administrative$9(OLS)http://pul/title/6720 996 $6260$aParis :$bDomat Montchrestien$9(OLS)http://pul/publisher/50547 LEADER 00802naa a2200205 u 4500 001 000000094579 003 CaOOAMICUS 005 20070226130139.0 008 040504s1974 it u000 u ita u 035 $a10993415 040 $aIAR$bita 100 1 $aRaimondi, Ezio,$d1924-$0(OLS)http://pul/name/5922 245 13$aIl primo commento umanistico a Lucrezio /$cEzio Raimondi. 260 $aPadova :$bAntenore,$c1974. 300 $aS. 641-674, ;$c25 cm 600 14$aLucretius Carus, Titus,$d97-55 a.C.$0(OLS)http://pul/subject/6676 773 0 $aTra latino e volgare : Per Carlo Dionisotti. 773 0 $tTra latino e volgare : per Carlo Dionisotti$w()19450 996 $6245$aIl primo commento umanistico a Lucrezio$9(OLS)http://pul/title/121447 996 $6260$aPadova :$bAntenore$9(OLS)http://pul/publisher/48020